000 01213nam a2200277Ia 4500
005 20260324131632.0
008 008 260324s9999 xx 000 0 eng d
020 _a9781315087535
037 _aEBOOK
040 _aCRL
040 _beng
040 _cCRL
041 _2eng
041 _aeng
084 _qCRL
100 _aEric Goewie; Jack Rabin; Gene W. Miller; Nadejda Komendantova-Amann; C. Visvanathan; Getachew Assefa; O. P. Dwivedi; Kathryn Gow; Paul C. Mocombe; Kala Saravanamuthu; David Walker; Andrew A. Zekeri; Josef Leitmann; Berhe Tesfu Costantinos; Heather Nel; Noorjahan Bava; Patricia A. Hippler; Britta Meinke-Brandmaier; Anthony Barclay; Ralph A. Luken; Patricia A. Cholewka; Stephen G. Schwenke; Tracy Berno; Julio da Silva; Rui Melo de Souza; Joao Pedro Zabaleta; Watana Luanratana; Bjorn Frostell; Renu Khator; M. Shamsul Haque; Lucia Munoz; Gedeon M. Mudacumura; Desta Mebratu
_91186248
245 0 _aSustainable Development Policy and Administration
260 _bTaylor and Francis
260 _c2006
365 _a
365 _b340
856 _uhttp://www.taylorfrancis.com/books/9781315087535
942 _cEBOOK
999 _c1783605
_d1783605